Parasitología práctica: técnicas generales de laboratorio y protozoarios parásitos
-д хадгалсан:
| Үндсэн зохиолчид: | , |
|---|---|
| Формат: | Ном |
| Хэл сонгох: | испани |
| Хэвлэсэн: |
Ciudad de México
Centro Regional de Ayuda Técnica
1973
|
| Цуврал: | Apuntes para estudiantes de cria y cuidado de animales
|
| Нөхцлүүд: | |
| Шошгууд: |
Шошго нэмэх
Шошго байхгүй, Энэхүү баримтыг шошголох эхний хүн болох!
|
MARC
| LEADER | 00000nam a2200000 a 4500 | ||
|---|---|---|---|
| 001 | UCV5161 | ||
| 003 | CL-VaPUC | ||
| 008 | 920819e19730000MX |||||||||||||||||spa|d | ||
| 082 | 0 | 4 | |a 636.089696 |b PRI |2 21 |
| 100 | 0 | |a Price, Charles J |e author |9 299450 | |
| 700 | 0 | |a Reed, Josephine E |e author |9 299451 | |
| 245 | 1 | 0 | |a Parasitología práctica: técnicas generales de laboratorio y protozoarios parásitos |
| 300 | |a 3 v | ||
| 942 | |c BK | ||
| 945 | |d 19920819 00:00:00 | ||
| 260 | |a Ciudad de México |b Centro Regional de Ayuda Técnica |c 1973 | ||
| 650 | 0 | |a Parasitología veterinaria |9 261703 | |
| 650 | 0 | |a Manuales de laboratorio |9 259429 | |
| 583 | |a last modification |c 19920819 00:00:00 |k Rodrigo Vera | ||
| 490 | 0 | |a Apuntes para estudiantes de cria y cuidado de animales | |
| 999 | |c 211751 |d 211749 | ||
| 952 | |0 0 |1 0 |4 0 |6 636_089696000000000_PRI_1973 |7 0 |8 CCM |9 191641 |a BIBCUR |b BIBCUR |d 2019-11-14 |h v.1 |i 2591812 |l 1 |m 1 |o 636.089696 PRI 1973 |p 2591812 |r 2025-04-22 |s 2022-09-22 |w 2019-11-14 |y BK |k CIM | ||